|
|
|
|
| LEADER |
01444nam a2200289 a 4500 |
| 001 |
GR-Patra26692 |
| 008 |
080801s2005 gr g 000 0 gre d |
| 020 |
|
|
|a 9602098325
|
| 040 |
|
|
|a GrPaTEI
|b gre
|c GR-PaULI
|
| 040 |
|
|
|a GrPaTEI
|b gre
|c GR-PaULI
|
| 082 |
|
0 |
|a 004.678
|2 22
|
| 100 |
1 |
|
|a Levine, John R.
|
| 245 |
1 |
3 |
|a Το internet για πρωτάρηδες /
|c John R. Levine, Margaret Levine Young, Carol Baroudi.
|
| 260 |
|
|
|a Αθήνα :
|b Κλειδάριθμος,
|c c2005
|
| 300 |
|
|
|a 384 σ. :
|b εικ.
|
| 500 |
|
|
|a 9η αμερικάνικη έκδοση.
|
| 500 |
|
|
|a Περιλαμβάνει ευρετήριο.
|
| 500 |
|
|
|a Τίτλος πρωτοτύπου: The internet for dummies.
|
| 610 |
0 |
4 |
|a Κατηγορία πράξεων: 2.5.1. Δια βίου εκπαίδευση.
|b Έργο: Προγράμματα Σπουδών Επιλογής.
|b Υποέργο 1: Αυτεπιστασία Π.Σ.Ε. Τ.Ε.Ι. Πατρών "Τεχνολογία και οργάνωση μικρομεσαίων επιχειρήσεων"
|
| 650 |
|
0 |
|a Internet
|
| 650 |
|
7 |
|a Διαδίκτυο
|
| 700 |
1 |
|
|a Baroudi, Carol
|
| 700 |
1 |
|
|a Young, Margaret Levine
|
| 942 |
|
|
|2 ddc
|
| 952 |
|
|
|0 0
|1 0
|2 ddc
|4 0
|6 004_678000000000000_LEV
|7 0
|9 309107
|a LISK
|b LISK
|c BSC
|d 2021-01-17
|e 24
|f 0
|g 0.00
|l 0
|o 004.678 LEV
|p 92410043383
|r 2021-01-17 00:00:00
|t 1
|w 2021-01-17
|y BK15
|x 20080818 0 1
|x GrPaTEI
|
| 971 |
|
|
|a .b26742640
|b 08-10-20
|c 26-09-16
|
| 999 |
|
|
|c 178051
|d 178051
|